Responses for Show #6781 - Monday, February 24, 2014

Arthur Chu game 5.

Contestants

[<< previous game]

Josh McIlvain, a home health aide from Syracuse, New York

Sofi Albizuri, a writer and mom from Miami, Florida

Arthur Chu, a compliance analyst and voiceover artist from Broadview Heights, Ohio (whose 4-day cash winnings total $102,800)

[next game >>]

Jeopardy! Round responses

PLANET FILL-IN
DON'T SONGS
GROUP NAMES OF ANIMALS
COMIC STRIPS IN OTHER WORDS
WHAT DO I STAND FOR?
(Alex: What will the "I" stand for in each of our clues?)
THE NATIONAL MUSEUM OF AMERICAN HISTORY
    $200 27
Veronica Mars

Josh
    $200 2
"Don't Cry For Me Argentina"

Sofi
    $200 28
parrots

Arthur
    $200 17
B.C.

Arthur
    $200 13
(Arthur: What is Investigators?)

Investigation

ArthurJosh
    $200 30
(Sofi: What is the Constitution?)

the Declaration of Independence

ArthurSofi
    $400 26
earth

Triple Stumper
    $400 3
"Don't Be Cruel"

Arthur
    $400 23
a dazzle

Triple Stumper
    $400 22
Garfield

Arthur
    $400 10
intensive

Sofi
    $400 29
(Sofi: Who are... oh gosh.)

blacksmiths

Sofi
Triple Stumper
    $600 20
Saturn

Arthur
    $600 5
Norah Jones

Sofi
    $600 19
a mob

Arthur
    $600 8
Non Sequitur

Arthur
    $600 11
instant

Sofi
    $600 25
Woolworth's

Josh
    $800 1
Venus

Sofi
    $800 6
"Don't You (Forget About Me)"

Josh
    $800 18
a raven

Sofi
    $800 14
Mutts

Arthur
    $800 9
immunodeficiency

Josh
    $800 24
John Bull

Sofi
    $1000 4
Mercury

Sofi
    $1000 7
"Don't Stop Believin'"

Josh
    $1000 15
storks

Arthur
    $1000 21
Bizarro

Josh
    $3,000 12
(Sofi: What is Virgin?)
(Alex: No; what is [*]? What does the "I" stand for?)
(Sofi: [Whispering to herself] Dang it.)
(Alex: Yeah.)
(Sofi: Sorry.)
(Alex: Yeah well, don't be. You should have taken just a moment longer. Pick again, though.)
(Sofi: I apologize.)
(Alex: To yourself; go again.)
(Sofi: Oh, yeah. Big time.)

Islands

Sofi
    $1000 16
a Huey

Sofi

Scores at the first commercial break (after clue 15):

Arthur Sofi Josh
$2,600 $600 $2,800

Scores at the end of the Jeopardy! Round:

Arthur Sofi Josh
$4,800 $2,600 $4,600

Double Jeopardy! Round responses

WRITERS HATIN' ON WRITERS
OSCAR BEST PICTURE PARTIAL MARQUEES
ASIAN CAPITALS
A PROPER BRITISH BURIAL
"BED"
BREAKFAST
    $400 26
(Jane) Austen

Arthur
    $400 17
Schindler's List

Arthur
    $400 28
Beijing

Arthur
    $400 29
Henry VIII

Arthur
    $400 30
Bedrock

Josh
    $400 27
an Egg McMuffin

Arthur
    $800 23
Ulysses

Arthur
    $800 14
Driving Miss Daisy

Arthur
    $5,000 24
Islamabad

Arthur
    $800 16
Westminster Abbey

Josh
    $800 25
bedouins

Arthur
    $800 22
[ERRATUM: The apostrophe in the name of the dish goes before the N, not after it.]

International House of Pancakes (IHOP)

Arthur
    $1200 18
Faulkner

Arthur
    $1200 1
A Beautiful Mind

Josh
    $1200 19
Amman

Triple Stumper
    $1200 15
St Paul's

Sofi
    $1200 20
a bedroll

Arthur
    $1200 21
(Josh: What is bread pudding?)

French toast

SofiJosh
    $1600 6
(Sofi: Who is ...?)

Alexander Pope

Sofi
Triple Stumper
    $1600 2
The French Connection

Arthur
    $1600 9
Seoul

Arthur
    $1600 8
Becket

Arthur
    $1600 13
a Bed-in

Sofi
    $1600 12
Denny's

Arthur
    $2000 5
Truman Capote

Sofi
    $5,000 10
All Quiet on the Western Front

Arthur
    $2000 3
(Arthur: What is Amman?)

Beirut

Arthur
Triple Stumper
    $2000 4
James Abbott McNeill Whistler

Triple Stumper
    $2000 11
Bedloe's Island (Bedloe accepted)

Arthur
    $2000 7
herring

Arthur

Scores at the end of the Double Jeopardy! Round:

Arthur Sofi Josh
$30,800 $7,000 $5,800
(lock game)

[wagering suggestions for these scores]

Final Jeopardy! Round responses

19th CENTURY PEOPLE
(Alex: [After reveals] Frederick Douglass said of this man, "I could live for the slave, but he could die for him." He was referring to [*].)
JoshWho is Abraham Lincoln?
$5,800
SofiWho is Lincoln?
$7,000
ArthurWho is William Lloyd Garrison?
$10,000
John Brown

Final scores:

Arthur Sofi Josh
$20,800 $0 $0
5-day champion: $123,600 2nd place: $2,000 3rd place: $1,000

Game dynamics:

Coryat scores:

Arthur Sofi Josh
$23,600 $10,000 $5,800
29 R
(including 2 DDs),
2 W
13 R,
4 W
(including 1 DD)
10 R,
1 W

Combined Coryat: $39,400

[game clues] [game scores] [suggest correction]

Game tape date: 2013-11-19
The J! Archive is created by fans, for fans. Scraping, republication, monetization, and malicious use prohibited; this site may use cookies and collect identifying information. See terms. The Jeopardy! game show and all elements thereof, including but not limited to copyright and trademark thereto, are the property of Jeopardy Productions, Inc. and are protected under law. This website is not affiliated with, sponsored by, or operated by Jeopardy Productions, Inc. Join the discussion at JBoard.tv.